El despertar de la creatividad : como innovar en alta tecnología / Roger Von Oech (Registro nro. 13064)
[ vista simple ]
| 000 -LÍDER | |
|---|---|
| fixed length control field | 00515nam a2200145 4500 |
| 008 - ELEMENTOS DE LONGITUD FIJA -- INFORMACIÓN GENERAL | |
| fixed length control field | 0 1987 0a 000 0MEX |
| 020 ## - NÚMERO INTERNACIONAL NORMALIZADO PARA LIBROS | |
| ISBN | 84-86251-58-3 |
| 050 ## - SIGNATURA TOPOGRAFICA DE LA BIBLIOTECA DEL CONGRESO (LC) | |
| Número de Clasificación | T173.8 V5818 1987 |
| 082 ## - NUMERO DE CLASIFICACION DECIMAL DEWEY | |
| Número de Clasificación | 658.409 V945d |
| 100 ## - ASIENTO PRINCIPAL--NOMBRE PERSONAL | |
| Nombre personal | Von Oech, Roger |
| 245 ## - TÍTULO | |
| Título | El despertar de la creatividad : como innovar en alta tecnología / Roger Von Oech |
| 260 ## - PUBLICACIÓN, DISTRIBUCIÓN, ETC. (PIE DE IMPRENTA) | |
| Lugar de publicación, distribución, etc. | España : Díaz de Santos |
| 300 ## - DESCRIPCIÓN FÍSICA | |
| Extensión | 133 p. / 27 cm. |
| 650 ## - ASIENTO SECUNDARIO DE MATERIA - TERMINO TEMÁTICO | |
| Término temático o nombre geográfico como elemento de entrada | 1.ADMINISTRACION - TECNOLOGIA - INNOVACIONES \ 2.ADMINISTRACION - APTITUDES CREATIVAS |
| No. biblioteca | No. biblioteca | Número de clasificación | Código de barras/Número de adquisición | Número de copia | Tipo de material |
|---|---|---|---|---|---|
| LUIS G. INCLAN | LUIS G. INCLAN | 658.409 V945d | 39194 | 1 | Libros |
| LUIS G. INCLAN | LUIS G. INCLAN | 658.409 V945d | 39195 | 2 | Libros |
| LUIS G. INCLAN | LUIS G. INCLAN | 658.409 V945d | 39196 | 3 | Libros |
| LUIS G. INCLAN | LUIS G. INCLAN | 658.409 V945d | 39197 | 4 | Libros |
| LUIS G. INCLAN | LUIS G. INCLAN | 658.409 V945d | 39198 | 5 | Libros |
| LUIS G. INCLAN | LUIS G. INCLAN | 658.409 V945d | 39199 | 6 | Libros |
